000 00720nam a22002057a 4500
003 DO-SdBNP
005 20230320114331.0
007 ta
008 210609b 2020 dr 00| 0 eng d
020 _a9789945591996
040 _aDO-SdBNP
_bspa
_cBNPHU
082 4 _22
110 1 _aRepública Dominicana :
_bMinisterio de Salud Pública.
_978774
245 1 0 _aDirectrices para el majejo, traslado y disposición final de cadáveres por covid-19 República Dominicana /
_cMinisterio de Salud Pública y Asistencia Social.
260 _aSanto Domingo :
_bMinisterio de Salud Pública,
_c2020.
300 _a18 p. ;
_c20 cm.
504 _aBibliografía : p. 17-18
590 _aInventariado, 2021 /LP
942 _2ddc
_cLBS1
999 _c49906
_d49906